Pays ayant 10 lettres ou plus - Statistiques

Statistiques générales
  • Ce quiz a été pris 1 685 fois
    446 depuis la dernière actualisation
  • Le résultat moyen est 35 sur 50
Statistiques - réponses
Pays % Correct
Afrique du Sud
87%
Nouvelle-Zélande
86%
République démocratique du Congo
86%
Kazakhstan
85%
Ouzbékistan
84%
Turkménistan
84%
Arabie Saoudite
83%
Afghanistan
82%
États-Unis d'Amérique
82%
République du Congo
81%
Azerbaïdjan
79%
Corée du Nord
79%
Royaume-Uni
79%
Corée du Sud
78%
Papouasie-Nouvelle-Guinée
78%
Tadjikistan
77%
Émirats arabes unis
76%
Kirghizistan
76%
Saint-Christophe-et-Niévès
73%
Saint-Vincent-et-les-Grenadines
73%
Biélorussie
71%
République Dominicaine
71%
République tchèque
71%
Soudan du Sud
71%
Guinée équatoriale
70%
Antigua-et-Barbuda
69%
Madagascar
69%
Sainte-Lucie
69%
Guinée-Bissau
68%
Liechtenstein
68%
République centrafricaine
68%
Trinité-et-Tobago
68%
Macédoine du Nord
66%
Philippines
66%
Saint-Marin
66%
Îles Marshall
65%
São Tomé-et-Principe
65%
Bosnie-Herzégovine
64%
Micronésie
64%
Mauritanie
63%
Luxembourg
62%
Mozambique
61%
Îles Salomon
59%
Bangladesh
56%
Timor oriental
56%
Burkina Faso
54%
Monténégro
50%
Côte d'ivoire
49%
Seychelles
48%
Sierra Leone
47%
Aucun quiz correspondant
Distribution des résultats
% des personnes avec chaque résultat
Percentile par nombre de réponses
Votre historique - résultats
Vous n’avez pas pris ce quiz depuis la dernière actualisation